000
00331nam a22001457a 4500
008
210426b ||||| |||| 00| 0 eng d
020
_a
0826102859
041
_a
eng
080
_2
5th
_a
591
082
_a
591
100
_a
7
101
_a
ZOO
245
_a
Veterinary Handbook for Cattlemen
_c
Irving S. Rossoff
942
_2
udc
_c
BK
999
_c
56785
_d
56785